Identita ve vztahu k národnostním menšinám mezinárodní konference : 5. setkání národnostních menšin : 24. setkání Hnutí R, 10.-11. listopadu 2005
| Corporate Author: | |
|---|---|
| Other Authors: | |
| Format: | Conference Proceeding Software Book |
| Language: | Czech Slovak English Russian |
| PhysicalDescription: | 1 elektronický optický disk (CD-ROM) 12 cm |
| Published: |
Praha
Komise rady hl. m. Prahy pro oblast národnostních menšín
2006
|
| Series: | Praha a národnosti
|
| Subjects: |
MARC
| LEADER | 00000cam a2200000 a 4500 | ||
|---|---|---|---|
| 001 | vtls008878727 | ||
| 003 | SK-MaSNL | ||
| 005 | 20260301080437.0 | ||
| 007 | co cgu muuua | ||
| 008 | 061115s2006 xr o f 100 0 cze | ||
| 015 | |a SNBZSS2007 | ||
| 040 | |a SNK |b slo |c SNK |e AACR2 | ||
| 041 | 0 | |a cze |a slo |a eng |a rus | |
| 044 | |a xr |c CZ | ||
| 072 | 7 | |a 316.3 |x Globálne spoločnosti. Sociálna štruktúra. Sociálne skupiny |2 konspekt | |
| 080 | |a 323.15 |2 2001 | ||
| 080 | |a 316.347 |2 2001 | ||
| 080 | |a 37.043.2 |2 2001 | ||
| 080 | |a (062.534) |2 2001 | ||
| 080 | |a (0.034.44) |2 2001 | ||
| 111 | 2 | |a Identita ve vztahu k národnostním menšinám |d (2005 : |c Praha, Česko) |9 402153 | |
| 245 | 1 | 0 | |a Identita ve vztahu k národnostním menšinám |h elektronický zdroj |b mezinárodní konference : 5. setkání národnostních menšin : 24. setkání Hnutí R, 10.-11. listopadu 2005 |c zostavil Jaroslav Balvín |
| 256 | |a Textové dáta | ||
| 260 | |a Praha |b Komise rady hl. m. Prahy pro oblast národnostních menšín |c 2006 | ||
| 300 | |a 1 elektronický optický disk (CD-ROM) |c 12 cm | ||
| 490 | 1 | |a Praha a národnosti | |
| 500 | |a Názov z CD | ||
| 516 | |a Text (zborník) | ||
| 650 | 0 | 7 | |a národnostné menšiny |2 SNKPH |9 2669 |
| 650 | 0 | 7 | |a etnicita |2 SNKPH |9 4899 |
| 650 | 0 | 7 | |a multikultúrna pedagogika |2 SNKPH |9 67529 |
| 650 | 0 | 7 | |a Ethnic minorities |2 SNKPHeng |9 265191 |
| 650 | 0 | 7 | |a Ethnicity |2 SNKPHeng |9 268216 |
| 650 | 0 | 7 | |a Multicultural education |2 SNKPHeng |9 93503 |
| 655 | 7 | |a zborníky konferencií |2 SNKPH |9 70153 | |
| 655 | 7 | |a elektronické zdroje |2 SNKPH |9 90954 | |
| 655 | 7 | |a CD-ROM |2 SNKPH |9 70236 | |
| 655 | 7 | |a Proceedings of conferences |2 SNKPHeng |9 265791 | |
| 655 | 7 | |a Electronic resources |2 SNKPHeng |9 175546 | |
| 700 | 1 | |a Balvín, Jaroslav, |d 1947- |4 com |9 304123 | |
| 830 | 0 | |a Praha a národnosti |9 400285 | |
| 852 | |a Štátna vedecká knižnica v Banskej Bystrici | ||
| 999 | |c 653197 |d 655127 | ||
| 952 | |a SNK |b SNK |y PREZ |7 0 |p 17A0529612 |o snkICDM 95 |i snk2006/24052 |8 1 |0 0 |1 0 |4 0 |d 2006-11-15 |l 0 |r 2026-02-23 18:28:00 |w 2026-02-23 | ||


